| 000 | 00447nam a2200193Ia 4500 | ||
|---|---|---|---|
| 005 | 20240823031444.0 | ||
| 008 | 240823s9999||||xx |||||||||||||| ||und|| | ||
| 020 | _a978-0-240-80816-1 | ||
| 041 | _aENGLISH | ||
| 082 | _A778.593 P7 | ||
| 100 | _aSam Kauffmann | ||
| 245 | 0 | _aAvid Editing | |
| 250 | _a3rd | ||
| 260 |
_c2007 _b"Focal press,O" |
||
| 500 | _aYES | ||
| 650 |
_aAvid Editing _bComputer Science |
||
| 942 | _cBK | ||
| 999 |
_c191112 _d191112 |
||